| 000 | 01073cam a2200301 a 4500 | ||
|---|---|---|---|
| 001 | 1020164 | ||
| 003 | ARRUPE | ||
| 005 | 20131211164536.0 | ||
| 008 | 880406s1989 nju b 001 0 eng | ||
| 010 | _a 88014045 | ||
| 020 |
_a0691067546 (alk. paper) : _c$21.95 |
||
| 040 |
_aDLC _cDLC _dDLC |
||
| 050 | 0 | 0 |
_aPN98.D43 _bE45 1989 |
| 082 | 0 | 0 |
_a801/.95 _219 |
| 100 | 1 |
_aEllis, John M. _q(John Martin), _d1936- _95544 |
|
| 245 | 1 | 0 |
_aAgainst deconstruction / _cJohn M. Ellis. |
| 260 |
_aPrinceton, N.J. : _bPrinceton University Press, _cc1989. |
||
| 300 |
_ax, 168 p. ; _c23 cm. |
||
| 500 | _aIncludes index. | ||
| 504 | _aBibliography: p. 161-165. | ||
| 650 | 0 |
_aDeconstruction. _95545 |
|
| 650 | 0 |
_aCriticism. _95546 |
|
| 650 | 0 |
_aLanguage and languages _xPhilosophy. _95547 |
|
| 856 | 4 | 2 |
_3Publisher description _uhttp://www.loc.gov/catdir/description/prin031/88014045.html |
| 906 |
_a7 _bcbc _corignew _d1 _eocip _f19 _gy-gencatlg |
||
| 942 |
_2lcc _cMONOGRAPH |
||
| 999 |
_c119217 _d119217 |
||